The effects of whirlpool baths on the hemodynamics of the cardiovascular system /

Bibliographic Details
Main Author: Garraway, Jay
Format: Thesis Microform Book
Language:English
Published: [Place of publication not identified] : [publisher not identified] ; 1985.
Subjects:

MARC

Tag First Indicator Second Indicator Subfields
LEADER 00000cam a2200000 a 4500
001 in00000017029
005 20151007053348.0
007 he bmb|||||||
008 861024r19861985orua bb 00010 eng d
035 |a (OCoLC)14515906 
035 |9 AAB1378AM 
040 |a WAY  |c WAY  |d HPE  |d TXA  |d UtOrBLW 
049 |a TXAI 
099 |a fiche  |a C  |a 9687 
100 1 |a Garraway, Jay. 
245 1 4 |a The effects of whirlpool baths on the hemodynamics of the cardiovascular system /  |c by Jay Garraway. 
264 1 |a [Place of publication not identified] :  |b [publisher not identified] ;  |c 1985. 
300 |a vi, 74 leaves :  |b illustrations 
336 |a text  |b txt  |2 rdacontent 
337 |a microform  |b h  |2 rdamedia 
338 |a microfiche  |b he  |2 rdacarrier 
502 |b M.S.  |c University of Southern Mississippi  |d 1985. 
504 |a Bibliography: leaves 73-74. 
533 |a Microfiche.  |b Eugene :  |c Microform Publications, College of Human Development and Performance, University of Oregon,  |d 1986.  |e 1 microfiche : negative ; 11 x 15 cm. 
500 |a Microform. 
650 0 |a Hydrotherapy  |x Physiological aspects. 
650 0 |a Hot water  |x Therapeutic use. 
650 0 |a Hemodynamics. 
650 0 |a Cardiovascular system. 
999 |a MARS 
999 f f |s 47a9ae46-6d84-3aad-bfe6-3b6f49b64dc9  |i 87146a1b-3a7f-3cf4-b613-f09a869b96fe  |t 0 
952 f f |p normal  |a Texas A&M University  |b College Station  |c Sterling C. Evans Library  |d Evans: Microforms (3rd floor)  |t 0  |e fiche C 9687  |h Other scheme  |i microform -- microfiche  |m A14823247474 
998 f f |a fiche C 9687  |t 0  |l Evans: Microforms (3rd floor)